| 000 | 00816nam a2200265 u 4500 | ||
|---|---|---|---|
| 005 | 20240906063808.0 | ||
| 008 | 090730s2005 es r 000 0 spa d | ||
| 020 | _a8446021056 (10 dígitos) | ||
| 020 | _a9788446021056 (13 dígitos) | ||
| 035 | _aUPN01000171650 | ||
| 049 | _aCG | ||
| 050 | 4 |
_aRJ216 _bH6.3 |
|
| 100 | 1 | _aHoudebine, Louis-Marie | |
| 245 | 1 | 1 |
_a¿Hay que dar de mamar al bebé? / _cLouis-Marie Houdebine ; tr. Diana Lerner. |
| 260 |
_aMadrid : _bAkal, _c2005. |
||
| 300 | _a64 p. | ||
| 440 | 4 |
_aLas manzanas del saber ; _v10 |
|
| 534 |
_pTítulo original: _tFaut-il allaiter son enfant? |
||
| 650 | 4 |
_aALIMENTACION DE PECHO _92303 |
|
| 650 | 4 |
_aNiños _xNutrición _95247 |
|
| 650 | 4 |
_aDesarrollo infantil _9176 |
|
| 650 | 4 |
_aMADRES E HIJOS _94291 |
|
| 905 | _aLibro | ||
| 999 |
_c143755 _d143755 |
||